| 000 | 00879nam a22002417a 4500 | ||
|---|---|---|---|
| 999 |
_c22637 _d22637 |
||
| 003 | AR-CdUCM | ||
| 008 | 190427b ||||| |||| 00| 0 spa d | ||
| 020 | _a9786124835346 | ||
| 040 |
_aMUNICIPALIDAD PROVINCIAL DEL CUSCO _cBIBLIOTECA MUNICIPAL DEL CUSCO |
||
| 082 |
_a394.265098561/M42 _bM42 |
||
| 100 |
_aMendoza, Zoila S _948724 |
||
| 245 |
_aQoyllur Rit'i : _bcrónica de una peregrinación cusqueña / _cZoila Mendoza |
||
| 260 |
_aLima : _bLa Siniestra Ensayos, _c2021. |
||
| 300 |
_a107 páginas: _bilustraciones, música ; _c23 cm. |
||
| 500 |
_aParcialmente en quechua. _zBibliografía: páginas 103-107 |
||
| 650 |
_aQoyllur Rit'i _948725 |
||
| 650 |
_aFestividades religiosas _913420 |
||
| 650 |
_aVida y costumbres religiosas _948346 |
||
| 650 |
_aVida y costumbres sociales _9857 |
||
| 650 |
_aDescripciones y viajes _9497 |
||
| 942 |
_2ddc _cLIBROS |
||
| 945 | _arac | ||